[Event "Wch Blitz"]
[Site "Almaty"]
[Date "2022.12.30"]
[Round "20"]
[White "Utegaliev, Azamat"]
[Black "Tologontegin, Semetey"]
[Result "0-1"]
[WhiteElo "2405"]
[BlackElo "2264"]
[PlyCount "130"]
[EventDate "2022.12.29"]
[EventType "swiss (blitz)"]
[EventRounds "21"]
[EventCountry "KAZ"]
[SourceTitle "CBM 212"]
[Source "ChessBase"]
[SourceDate "2023.02.28"]
[SourceVersion "1"]
[SourceVersionDate "2023.02.28"]
[SourceQuality "1"]

1. e4 e5 2. Bc4 Nf6 3. d3 Nc6 4. Nc3 Na5 5. Qf3 Nxc4 6. dxc4 d6 7. Nge2 Be7 8. 0-0 0-0 9. h3 Be6 10. b3 Nd7 11. Ng3 Bg5 12. Rd1 Bxc1 13. Raxc1 g6 14. a4 a5 15. Rd2 b6 16. Qe3 Qe7 17. Rf1 Rae8 18. Nb5 Nc5 19. f4 exf4 20. Qxf4 Bc8 21. Rdf2 Bb7 22. Qg4 Kh8 23. Nc3 f6 24. h4 Qe5 25. Rf3 Nxe4 26. Ncxe4 Bxe4 27. Nxe4 Qxe4 28. Rf4 Qe3+ 29. Kh1 f5 30. Qg5 Re4 31. h5 Rxf4 32. Rxf4 Kg7 33. h6+ Kg8 34. Kh2 Qe5 35. Kh3 Qf6 36. Kh4 Qe5 37. Rf3 Re8 38. Kh3 Qd4 39. g3 Qa1 40. Rf2 Qh1+ 41. Rh2 Qf1+ 42. Rg2 Kf7 43. Kh2 Re2 44. Rxe2 Qxe2+ 45. Kg1 Qd1+ 46. Kh2 Qxc2+ 47. Kh3 Qd1 48. Kg2 Qe2+ 49. Kg1 Qe1+ 50. Kg2 Qe4+ 51. Kh2 Qe7 52. Qd2 Qe6 53. Qd4 Qe2+ 54. Kg1 Qe1+ 55. Kh2 Qe2+ 56. Kg1 Qe5 57. Qd3 g5 58. g4 Qe1+ 59. Kh2 Qh4+ 60. Kg1 Qxg4+ 61. Kh2 Qf4+ 62. Kg1 Qe4 63. Qc3 Qe5 64. Qf3 Qd4+ 65. Kf1 Qf4 0-1

[Event "Wch Blitz"]
[Site "Almaty"]
[Date "2022.12.29"]
[Round "1"]
[White "Predke, Alexandr"]
[Black "Utegaliev, Azamat"]
[Result "1/2-1/2"]
[WhiteElo "2616"]
[BlackElo "2405"]
[PlyCount "101"]
[EventDate "2022.12.29"]
[EventType "swiss (blitz)"]
[EventRounds "21"]
[EventCountry "KAZ"]
[SourceTitle "CBM 212"]
[Source "ChessBase"]
[SourceDate "2023.02.28"]
[SourceVersion "1"]
[SourceVersionDate "2023.02.28"]
[SourceQuality "1"]

1. Nf3 Nf6 2. c4 g6 3. Nc3 Bg7 4. e4 d6 5. d4 Bg4 6. Be2 0-0 7. Be3 Nc6 8. d5 Bxf3 9. Bxf3 Ne5 10. Be2 c6 11. h3 Rc8 12. Qb3 Qc7 13. 0-0 Ned7 14. Rac1 a6 15. Rfe1 Rfe8 16. Bf1 e6 17. Qd1 exd5 18. exd5 Rxe3 19. Rxe3 Bh6 20. dxc6 bxc6 21. Re1 Bxc1 22. Qxc1 a5 23. Qf4 d5 24. Qxc7 Rxc7 25. Rd1 Nb6 26. cxd5 cxd5 27. Rd4 Kf8 28. g4 h6 29. Bg2 Rc5 30. Kf1 Ke7 31. Ke2 Ke6 32. Kd3 Nfd7 33. f4 Nb8 34. b4 axb4 35. Rxb4 N8d7 36. a4 Ra5 37. Kd4 Kd6 38. Rb5 Rxb5 39. Nxb5+ Kc6 40. Nc3 Nc5 41. Nxd5 Nbxa4 42. Nc3+ Kd6 43. Nb5+ Ke7 44. Bd5 Ne6+ 45. Bxe6 Kxe6 46. Na3 Nb6 47. Nc2 Nd5 48. Ke4 f5+ 49. gxf5+ gxf5+ 50. Kf3 Kf6 51. Nd4 1/2-1/2